000
00314nam a2200133Ia 4500
008
231129s1980||||xx |||||||||||||| ||spa||
040
_b
spa
082
_a
920 R467m
100
_a
Mohammed Reza Pahlavi Sha de Iran
245
0
_a
Mi gloria y mi caida
260
_c
1980
264
_a
Atlantida
942
_2
ddc
_c
BKS
999
_c
21107
_d
21107